000 00547nam a2200181 a 4500
001 000034484
005 20200930073727.0
008 111005s2005 xxk r 000 0 spa d
020 _a9781872843865 (tapa dura)
040 _aDO-SdBNP
_bspa
_cBNPHU
082 _axxxx
_bxxxx
245 0 0 _aA history of Korea /
_ctranslated by J.
260 _aLondon :
_bSaffron Books,
_c2005.
300 _a351 p. ;
_c22 cm.
590 _aInventariado, 2019/BT
700 1 _aLieu, Joshua Van,
_etr.
_959926
710 2 _aKorea Historical Research Association.
_959927
999 _c33975
_d33975